000 00651nam0a22002291 4500
001 rc\61470
005 20250620164453.0
035 _a(NLR Aleph) 005337156
090 _a6654044
_c6654044
100 _a20021216d1993 |||y0rusy50 ca
101 0 _arus
102 _aRU
105 _aa |||||||||
200 1 _aФанера над Парижем
_e[Повесть. Рассказы. Стихотворения]
210 _aБ. м.
_cФормат
_d1993
215 _a129 с.
_cил.
_d21
700 1 _aДьячков
_bС.
_gСергей
801 0 _aRU
_bNLR
_gpsbo
801 1 _aRU
_bELAR
_2rusmarc
852 _aNLR
_j96-3/3799
942 _cBOOK
980 _aNB